000
00254nam a2200109Ia 4500
008
240625s9999 xx 000 0 und d
041
_a
eng
082
_a
658.872 BAI
100
_a
BAILEY MATT
245
_a
INTERNET MARKETING AN HOUR A DAY
260
_c
2012
999
_c
40350
_d
40350